Počítače-řízení-automatizace co by měl každý vědět o počítačích a jejich využití

Guardado en:
Detalles Bibliográficos
Autor principal: Pernica, Vladimír
Formato: Libro
Lenguaje:checo
Publicado: Praha Svoboda 1983
Etiquetas: Agregar Etiqueta
Sin Etiquetas, Sea el primero en etiquetar este registro!

MARC

LEADER 00000nam a2200000 4500
001 c132163
005 20230105083809.4
041 0 |a cze 
044 |a CZ 
245 1 0 |a Počítače-řízení-automatizace  |b co by měl každý vědět o počítačích a jejich využití  |c Vladimír Pernica 
264 1 |a Praha  |b Svoboda  |c 1983 
300 |a 133 s. 
100 1 |a Pernica, Vladimír